| 000 | 00776nam a22001937a 4500 | ||
|---|---|---|---|
| 999 |
_c17911 _d17911 |
||
| 003 | AR-CdUCM | ||
| 008 | 190510b ||||| |||| 00| 0 spa d | ||
| 040 |
_aMUNICIPALIDAD PROVINCIAL DEL CUSCO _cBIBLIOTECA MUNICIPAL DEL CUSCO |
||
| 082 |
_22ed. _a745.2 / _bT3 |
||
| 100 |
_aTedeschi, Pablo _938151 |
||
| 245 | _aLa génesis de las formas y el diseño industrial / | ||
| 260 |
_aBuenos Aires : _bEudeba, _c1966. |
||
| 300 |
_a48 páginas ; _bIlustraciones, _c26 cm. |
||
| 440 |
_aCuadernos de EUDEBA ; _n83 _938152 |
||
| 505 | _aContenido: Que es el diseño industrial -- Artesanía e industria -- Producción, venta y diseño industrial -- Historia sumaria del diseño industrial... | ||
| 650 |
_aDiseño industrial _913629 |
||
| 942 |
_2ddc _cLIBROS |
||
| 945 |
_aacv _d2019-05-10 |
||